000 00435cam a2200157ua 4500
041 _aeng
_h
082 _a894.812 5
_bRAG/SO
100 _aRaghava Aiyankar, M .
245 _aSome aspects of Kerala and Tamil literature /
_cM Raghava Aiyankar.
_hTextual Documents
250 _a1 /
_b.
260 _aThiruvananthapuram :
_bUniversity of Travancore ,
_c1950.
300 _a78 ; .
504 _a
942 _cBK
999 _c4129
_d4129